Piedra de corazón: un poema póstumo de Paul Celan Le perigord

Guardat en:
Dades bibliogràfiques
Autor principal: Bollack, Jean (Autor)
Format: Llibre
Idioma:espanyol
Publicat: Madrid Arena Libros 2002
Col·lecció:Libros del Ultimo Hombre
Matèries:
Etiquetes: Afegir etiqueta
Sense etiquetes, Sigues el primer a etiquetar aquest registre!

MARC

LEADER 00000nam a2200000 a 4500
001 UCH0411
003 CL-VaPUC
008 090312e20020000SP |||||||||||||||||spa|d
020 |a 8495897032 
082 0 4 |a A831.914  |b BOL  |2 21 
100 0 |a Bollack, Jean  |e author  |9 534588 
245 1 0 |a Piedra de corazón: un poema póstumo de Paul Celan Le perigord 
300 |a 152 p 
942 |c BK 
945 |d 20090312 00:00:00  |a rbrito 
260 |a Madrid  |b Arena Libros  |c 2002 
600 0 7 |a CELAN, PAUL  |2 CL-VaPUC  |9 534589 
650 7 |a POESIAS AUSTRIACAS  |2 CL-VaPUC  |9 268568 
650 0 |a Literatura austríaca   |9 334012 
583 |a last modification  |c 20141219 01:13:53  |k Rodrigo Vera 
490 0 |a Libros del Ultimo Hombre 
999 |c 332735  |d 332733 
952 |0 0  |1 0  |4 0  |6 A_831_914000000000000_BOL_2002  |7 0  |8 A  |9 420632  |a BIBARQ  |b BIBARQ  |d 2019-11-22  |i 4513738  |l 1  |o A831.914 BOL 2002  |p 4513738  |r 2025-01-20  |s 2023-12-12  |w 2019-11-22  |y BK  |k ARQ